[Event "Voronezh op-A 18th"]
[Site "Voronezh"]
[Date "2014.06.15"]
[Round "4"]
[White "Berezhnaya, Veronika"]
[Black "Karpenko, Artem"]
[Result "0-1"]
[WhiteElo "1943"]
[BlackElo "2074"]
[PlyCount "58"]
[EventDate "2014.06.12"]
[EventType "swiss"]
[EventRounds "9"]
[EventCountry "RUS"]
[SourceTitle "CBM 160 Extra"]
[Source "ChessBase"]
[SourceDate "2014.07.01"]
[SourceVersion "1"]
[SourceVersionDate "2014.07.01"]
[SourceQuality "1"]

1. c4 c6 2. g3 d5 3. Bg2 Nf6 4. cxd5 cxd5 5. Nf3 Nc6 6. d4 Bf5 7. 0-0 e6 8. Bf4 Be7 9. Nc3 h6 10. Ne5 Rc8 11. Qa4 a6 12. Rac1 0-0 13. Nxc6 Rxc6 14. Qd1 Qa5 15. f3 Rfc8 16. e4 Bh7 17. exd5 Nxd5 18. Nxd5 Qxd5 19. a3 Bf6 20. Kh1 Bc2 21. Qe2 Qxd4 22. Be3 Qc4 23. Qf2 Bxb2 24. f4 Bxc1 25. Rxc1 Rd6 26. Bxb7 Be4+ 27. Bxe4 Qxe4+ 28. Kg1 Rxc1+ 29. Bxc1 Rd1+ 0-1

[Event "Voronezh op-A 18th"]
[Site "Voronezh"]
[Date "2014.06.13"]
[Round "2"]
[White "Berezhnaya, Veronika"]
[Black "Elistratov, Semen"]
[Result "0-1"]
[WhiteElo "1943"]
[BlackElo "2251"]
[PlyCount "64"]
[EventDate "2014.06.12"]
[EventType "swiss"]
[EventRounds "9"]
[EventCountry "RUS"]
[SourceTitle "CBM 160 Extra"]
[Source "ChessBase"]
[SourceDate "2014.07.01"]
[SourceVersion "1"]
[SourceVersionDate "2014.07.01"]
[SourceQuality "1"]

1. c4 e5 2. g3 Nf6 3. Bg2 d5 4. cxd5 Nxd5 5. Nc3 Nb6 6. Nf3 Nc6 7. 0-0 Be7 8. a3 Be6 9. b4 a5 10. b5 Nd4 11. Rb1 f6 12. d3 0-0 13. Na4 Nxe2+ 14. Qxe2 Nxa4 15. Qc2 Nc5 16. Rd1 a4 17. d4 Bb3 18. Rxb3 axb3 19. Qe2 exd4 20. Nxd4 Bd6 21. b6 Kh8 22. bxc7 Qxc7 23. Nb5 Qe7 24. Qc4 Rad8 25. Bf1 b6 26. Be3 b2 27. Nxd6 Rxd6 28. Rb1 Nd7 29. Rxb2 Rd1 30. Bxb6 Qxa3 31. Qe2 Qa1 32. Be3 Rxf1+ 0-1